Thoughts and utterances: the pragmatics of explicit communication

Uloženo v:
Podrobná bibliografie
Hlavní autor: Carston, Robyn (Autor)
Médium: Kniha
Jazyk:angličtina
Vydáno: Malden Blackwell 2002
Vydání:1a. ed
Témata:
Tagy: Přidat tag
Žádné tagy, Buďte první, kdo vytvoří štítek k tomuto záznamu!

MARC

LEADER 00000nam a2200000 a 4500
001 UCK0582
003 CL-VaPUC
008 041015e20020000US |||||||||||||||||eng|d
020 |a 0631214887 
082 0 4 |a 306.44  |b CAR  |2 21 
100 0 |a Carston, Robyn  |e author  |9 488518 
245 1 0 |a Thoughts and utterances: the pragmatics of explicit communication 
250 |a 1a. ed 
300 |a 418 p 
942 |c BK 
945 |d 20041015 00:00:00  |a cmena 
260 |a Malden  |b Blackwell  |c 2002 
650 0 |a Pragmatismo  |9 316729 
650 0 |a Semántica  |9 265318 
650 0 |a Sociolingüística  |9 263716 
650 0 |a Comunicación   |9 257251 
650 0 |a Filosofía del lenguaje  |9 257082 
583 |a last modification  |c 20121003 12:13:58  |k Rodrigo Vera 
999 |c 310957  |d 310955 
952 |0 0  |1 0  |4 0  |6 306_440000000000000_CAR_2002  |7 0  |8 A  |9 380050  |a BIBEDU  |b BIBEDU  |d 2019-11-21  |i 4071492  |o 306.44 CAR 2002  |p 4071492  |r 2019-11-21  |w 2019-11-21  |y BK  |k LIT